Na zemi : Fata morgána

Bibliographic Details
Main Author: Volný, Jan (Composer)
Corporate Author: Eso (hudobná skupina) (Author)
Other Authors: Vondráček, Jaroslav (Lyricist)
Format: CD Audio
Language:Czech
PhysicalDescription:1 gramofónová platňa 18 cm
Published: [Praha] Supraphon [1986]
Subjects:

MARC

LEADER 00000njm a2200000 4500
001 vtls012003141
003 SK-MaSNL
005 20260301103747.0
007 sd cszc p
008 201112s1986 xr ppz g 0 0 cze
028 0 1 |a 1143 3212  |b Supraphon 
028 1 3 |a H 3291/A A  |b Supraphon 
028 1 3 |a H 3292/A B  |b Supraphon 
040 |a SNK  |b slo  |c SNK  |e rda 
041 0 |a cze 
044 |a xr  |c CZ 
072 7 |a 78.011.26  |x Populárna hudba. Populárne piesne. Populárna tanečná hudba  |2 konspekt 
080 |a 78.03.011.26  |2 2011 
080 |a (086.72)  |2 2011 
110 2 |a Eso (hudobná skupina)  |4 aut  |9 32142 
245 0 0 |a Na zemi : Fata morgána  |c ESO 
264 1 |a [Praha]  |b Supraphon  |c [1986] 
264 4 |c Ⓟ1986 
300 |a 1 gramofónová platňa  |c 18 cm 
336 |a hraná hudba  |b prm  |2 rdacontent 
337 |a audio  |b s  |2 rdamedia 
338 |a iný  |b z  |2 rdacarrier 
340 |a vinyl  |a rda 
344 |a analog  |c 45 ot/min  |g stereo  |2 rda 
500 |a Platňa obsahuje 2 piesne 
500 |a Názov prevzatý z obalu 
500 |a Miesto vydania podľa vydavateľa 
500 |a Snímok Čs. rozhlasu 
650 0 7 |a populárna hudba  |2 SNKPH  |9 3428 
650 0 7 |a Popular music  |2 SNKPHeng  |9 90436 
655 7 |a gramofónové platne  |2 SNKPH  |9 74608 
655 7 |a Gramophone records  |2 SNKPHeng  |9 286457 
700 1 |a Volný, Jan  |4 cmp  |9 267813 
700 1 |a Vondráček, Jaroslav  |4 lyr  |9 441461 
740 0 2 |a Na zemi  |h zvukový dokument 
740 0 2 |a Fata morgána  |h zvukový dokument 
999 |c 696196  |d 698126 
952 |a SNK  |b SNK  |y PREZ  |7 0  |p 17A1419491  |o snkST 668  |i snk448/86  |0 0  |1 0  |4 0  |d 2020-11-12  |l 0  |r 2026-02-23 20:42:04  |w 2026-02-23